<?xml version="1.0" encoding="UTF-8"?>
<record
    xmlns:xsi="http://www.w3.org/2001/XMLSchema-instance"
    xsi:schemaLocation="http://www.loc.gov/MARC21/slim http://www.loc.gov/standards/marcxml/schema/MARC21slim.xsd"
    xmlns="http://www.loc.gov/MARC21/slim">

  <leader>02633cam a22002895a 4500</leader>
  <controlfield tag="001">16447818</controlfield>
  <controlfield tag="005">20160218130646.0</controlfield>
  <controlfield tag="008">100907t2011    njua   frb    001 0 eng d</controlfield>
  <datafield tag="020" ind1=" " ind2=" ">
    <subfield code="a">9780470591802 (hardback : alk. paper)</subfield>
  </datafield>
  <datafield tag="040" ind1=" " ind2=" ">
    <subfield code="a">DLC</subfield>
    <subfield code="c">DLC</subfield>
    <subfield code="d">DLC</subfield>
    <subfield code="d">EG-ScBUE</subfield>
    <subfield code="b">eng</subfield>
  </datafield>
  <datafield tag="082" ind1="0" ind2="4">
    <subfield code="a">338.6</subfield>
    <subfield code="2">22</subfield>
    <subfield code="b">PEP</subfield>
  </datafield>
  <datafield tag="100" ind1="1" ind2=" ">
    <subfield code="a">Pepall, Lynne,</subfield>
    <subfield code="d">1952-</subfield>
    <subfield code="9">39336</subfield>
  </datafield>
  <datafield tag="245" ind1="1" ind2="0">
    <subfield code="a">Contemporary industrial organization :</subfield>
    <subfield code="b">a quantitative approach /</subfield>
    <subfield code="c">Lynne Pepall, Dan Richards, George Norman.</subfield>
  </datafield>
  <datafield tag="260" ind1=" " ind2=" ">
    <subfield code="a">Hoboken :</subfield>
    <subfield code="b">John Wiley &amp; Sons,</subfield>
    <subfield code="c">c.2011.</subfield>
  </datafield>
  <datafield tag="300" ind1=" " ind2=" ">
    <subfield code="a">xvii, 558 p. :</subfield>
    <subfield code="b">ill. ;</subfield>
    <subfield code="c">26 cm.</subfield>
  </datafield>
  <datafield tag="500" ind1=" " ind2=" ">
    <subfield code="a">Index : p. 551-558.</subfield>
  </datafield>
  <datafield tag="504" ind1=" " ind2=" ">
    <subfield code="a">Includes bibliographical references.</subfield>
  </datafield>
  <datafield tag="505" ind1="8" ind2=" ">
    <subfield code="a">Machine generated contents note: Part I Microeconomic Foundations -- 1. Industrial Organization and Imperfect Competition: What, How, and Why? -- 2. Basic Microeconomics -- 3. Technology and Cost Relationships -- 4. Market Structure and Market Power -- Part II Price and Non-Price Tactics for Firms with Market Power -- 5. Price Discrimination and Monopoly -- 6. Price Discrimination, Product Variety, Bundling &amp; Tying -- Part III Oligopoly and Strategic Interaction -- 7. Basic Models of Imperfect Competition -- 8. Dynamic Games and First and Second Movers -- 9. Entry Deterrence and Predation -- 10. Price Fixing and Repeated Games -- Part IV Contractual Relationships Between Firms -- 11. Horizontal Mergers -- 12. Vertical and Conglomerate Mergers -- 13. Vertical Restraints -- Part V Topics in Non-Price Competition: Advertising and Research and Development -- 14. Advertising, Market Power, and Information -- 15. Research and Development -- 16. Patents and Patent Policy -- Part VI Special Topics: Networks and Strategic Trade Policy -- 17. Network Markets.</subfield>
  </datafield>
  <datafield tag="520" ind1=" " ind2=" ">
    <subfield code="a">"Managers who are looking to gain a better understanding of today's industrial environment will appreciate this text. It offers a comprehensive examination of the field. Empirical applications are integrated throughout the chapters to provide relevant examples. Discussions are included on price discrimination as it relates to monopolies and product varieties. Basic models of imperfect competition are presented. Entry deterrents and price fixing are also examined in more detail. Managers will then learn how to apply this information as they build a successful organization"--</subfield>
  </datafield>
  <datafield tag="650" ind1=" " ind2="7">
    <subfield code="a">Industrial organization (Economic theory)</subfield>
    <subfield code="x">Mathematical models.</subfield>
    <subfield code="2">BUEsh</subfield>
    <subfield code="9">39340</subfield>
  </datafield>
  <datafield tag="650" ind1=" " ind2="7">
    <subfield code="a">Industrial organization.</subfield>
    <subfield code="2">BUEsh</subfield>
    <subfield code="9">3176</subfield>
  </datafield>
  <datafield tag="651" ind1=" " ind2=" ">
    <subfield code="2">BUEsh</subfield>
  </datafield>
  <datafield tag="653" ind1=" " ind2=" ">
    <subfield code="b">BUSECO</subfield>
    <subfield code="c">February2016</subfield>
  </datafield>
  <datafield tag="700" ind1="1" ind2=" ">
    <subfield code="a">Richards, Daniel Jay.</subfield>
  </datafield>
  <datafield tag="700" ind1="1" ind2=" ">
    <subfield code="a">Norman, George,</subfield>
    <subfield code="d">1946-</subfield>
  </datafield>
  <datafield tag="942" ind1=" " ind2=" ">
    <subfield code="2">ddc</subfield>
  </datafield>
  <datafield tag="999" ind1=" " ind2=" ">
    <subfield code="c">21144</subfield>
    <subfield code="d">21116</subfield>
  </datafield>
  <datafield tag="952" ind1=" " ind2=" ">
    <subfield code="0">0</subfield>
    <subfield code="1">0</subfield>
    <subfield code="2">ddc</subfield>
    <subfield code="4">0</subfield>
    <subfield code="7">0</subfield>
    <subfield code="8">Academic</subfield>
    <subfield code="a">MAIN</subfield>
    <subfield code="b">MAIN</subfield>
    <subfield code="c">1ST</subfield>
    <subfield code="d">2016-02-14</subfield>
    <subfield code="e">Purchase</subfield>
    <subfield code="g">320.00</subfield>
    <subfield code="h">4877</subfield>
    <subfield code="l">0</subfield>
    <subfield code="o">338.6 PEP</subfield>
    <subfield code="p">000031542</subfield>
    <subfield code="r">2025-07-15 00:00:00</subfield>
    <subfield code="v">400.00</subfield>
    <subfield code="y">BB</subfield>
  </datafield>
  <datafield tag="952" ind1=" " ind2=" ">
    <subfield code="0">0</subfield>
    <subfield code="1">0</subfield>
    <subfield code="2">ddc</subfield>
    <subfield code="4">0</subfield>
    <subfield code="7">0</subfield>
    <subfield code="8">Academic</subfield>
    <subfield code="a">MAIN</subfield>
    <subfield code="b">MAIN</subfield>
    <subfield code="c">1ST</subfield>
    <subfield code="d">2016-02-18</subfield>
    <subfield code="e">Purchase</subfield>
    <subfield code="g">320.00</subfield>
    <subfield code="h">4877</subfield>
    <subfield code="l">1</subfield>
    <subfield code="m">1</subfield>
    <subfield code="o">338.6 PEP</subfield>
    <subfield code="p">000031614</subfield>
    <subfield code="r">2025-07-15 00:00:00</subfield>
    <subfield code="s">2016-03-22</subfield>
    <subfield code="v">400.00</subfield>
    <subfield code="y">BB</subfield>
  </datafield>
</record>
